000 00271nam a2200109Ia 4500
008 190912s9999||||xx |||||||||||||| ||und||
100 _aPro,Shareef-ul-Mujahid
245 0 _aDa Pakistan Tehreek
260 _aKarachi
_bQuaid-e-Azam Academy
_c1984
300 _a52
942 _cBK
999 _c7377
_d7377